000 00644nam a2200241Ia 4500
008 160404s9999 xx 000 0 und d
020 _a971-08-6710-5
050 _aFIL HF 5718
050 _b.B68 2008
100 _aBouing, Ronnie.
245 _aEffective business communication /
245 _cRonnie A. Bouing.
260 _aMandaluyong:
260 _bNational Book Store,
260 _c2008
300 _a289 pages :
300 _billustrations ;
300 _c25 cm.
500 _aIncludes bibliographical references.
650 _aBusiness communication.
650 _aBusiness writing.
650 _xBusiness letters.
999 _c293175
_d293175